| Tag |
First Indicator |
Second Indicator |
Subfields |
| LEADER |
00000cam a2200000 a 4500 |
| 001 |
in00001355607 |
| 005 |
20151006063359.0 |
| 008 |
970521s1997 fr i100 0 eng d |
| 035 |
|
|
|a (OCoLC)36946858
|
| 035 |
|
|
|9 AHG9306AM
|
| 040 |
|
|
|a JNA
|c JNA
|d TXA
|d UtOrBLW
|
| 049 |
|
|
|a TXAM
|
| 090 |
|
|
|a HD72
|b .O38 v.5, no.18
|
| 245 |
0 |
4 |
|a The Mutilateral [as printed] Agreement on Investment :
|b state of play as of February 1997.
|
| 246 |
1 |
3 |
|a Multilateral agreement on Investment
|
| 264 |
|
1 |
|a Paris :
|b Organisation for Economic Co-operation and Development,
|c 1997.
|
| 300 |
|
|
|a 39 pages ;
|c 30 cm.
|
| 336 |
|
|
|a text
|b txt
|2 rdacontent
|
| 337 |
|
|
|a unmediated
|b n
|2 rdamedia
|
| 338 |
|
|
|a volume
|b nc
|2 rdacarrier
|
| 490 |
1 |
|
|a OECD working papers,
|x 1022-2227 ;
|v v. 5, no. 18
|
| 500 |
|
|
|a Cover title.
|
| 500 |
|
|
|a Papers presented at the "Second Workshop on Multilateral Rules on Investment held in Brasilia, 4-5 February 1997"--P. 39.
|
| 505 |
0 |
|
|a Opening address / Joanna R. Shelton -- State of play / William S. Dymond -- Scope of the MAI : Definition of investor and investment / Manfred M. Schekulin -- Investment protection / Joachim Karl -- Treatment of investors and their investments : national treatment, most favoured nation treatment and transparency / Valérie Charolles -- Treatment of investors and their investments : exceptions, derogations and national reservations / Marinus W. Sikkel -- Special topics / Anders Ahnlid -- Dispute settlement / Marino Baldi -- Institutional arangements [sic] and accessions / Charles Bridge.
|
| 610 |
2 |
0 |
|a Multilateral Agreement on Investment
|x Congresses.
|
| 650 |
|
0 |
|a Investments, Foreign
|x International cooperation
|x Congresses.
|
| 650 |
|
0 |
|a Investments, Foreign (International law)
|x Congresses.
|
| 651 |
|
0 |
|a OECD countries
|x Foreign economic relations
|x Congresses.
|
| 710 |
2 |
|
|a Organisation for Economic Co-operation and Development.
|
| 711 |
2 |
|
|a Workshop on Multilateral Rules on Investment
|n (2nd :
|d 1997 :
|c Brasilia, Brazil)
|
| 830 |
|
0 |
|a OECD working papers.
|x 1022-2227 ;
|v v. 5, no. 18.
|
| 999 |
|
|
|a MARS
|
| 999 |
f |
f |
|s 8e584044-1b48-3f83-a736-3635352fbfec
|i af7da264-c9ad-3a43-98c4-5339bf92c312
|t 0
|
| 952 |
f |
f |
|p ric
|a Texas A&M University
|b Rellis Campus
|c Joint Library Facility
|d Remote Storage
|t 0
|e HD72 .O38 v.5, no.18
|h Library of Congress classification
|i unmediated -- volume
|m A14821133027
|
| 998 |
f |
f |
|a HD72 .O38 v.5, no.18
|t 0
|l Remote Storage
|